[Event "14. Bayer Open"]
[Site "Leverkusen"]
[Date "2016.01.11"]
[Round "1.31"]
[White "Becker, Johann"]
[Black "Hennig, Edgar Paul"]
[Result "0-1"]
[WhiteElo "1506"]
[BlackElo "1872"]
[PlyCount "48"]
[EventDate "2016.??.??"]
[WhiteTeam "TV Witzhelden"]
[BlackTeam "Satranç Club"]

1. e4 e6 2. d4 d5 3. Nc3 Nf6 4. Bg5 Be7 5. e5 Nfd7 6. Bxe7 Qxe7 7. Nf3 c5 8.
Nb5 Kd8 9. c3 Nc6 10. Qd2 cxd4 11. cxd4 Qb4 12. Nd6 Qxd2+ 13. Kxd2 Ke7 14. Rc1
f6 15. Bb5 fxe5 16. dxe5 Ncxe5 17. Nxe5 Nxe5 18. Nxb7 Bxb7 19. Rc7+ Kf6 20.
Rxb7 Rhb8 21. Rxb8 Rxb8 22. f4 Ng4 23. a4 a6 24. Be2 Rxb2+ 0-1

[Event "14. Bayer Open"]
[Site "Leverkusen"]
[Date "2016.01.11"]
[Round "1.32"]
[White "Haverkamp, Klaus"]
[Black "Prößdorf, Lennard"]
[Result "1/2-1/2"]
[WhiteElo "1927"]
[BlackElo "1530"]
[PlyCount "82"]
[EventDate "2016.??.??"]
[WhiteTeam "SV Herzogenrath"]
[BlackTeam "SC Bayer Leverkusen"]

1. e4 Nf6 2. e5 Nd5 3. d4 d6 4. c4 Nb6 5. f4 g6 6. Nf3 Bg7 7. Nc3 O-O 8. Be3
Be6 9. b3 c5 10. dxc5 N6d7 11. cxd6 exd6 12. Qxd6 Nxe5 13. Qxd8 Nxf3+ 14. gxf3
Rxd8 15. Rc1 Nc6 16. Nb5 Rac8 17. Nxa7 Nxa7 18. Bxa7 Ra8 19. Bb6 Re8 20. Rc2
Bf5+ 21. Re2 Bc3+ 22. Kf2 Rxe2+ 23. Bxe2 Rxa2 24. Rd1 Rb2 25. Rd8+ Kg7 26. Ke3
Rxb3 27. Bd4+ Bxd4+ 28. Kxd4 Rb2 29. Re8 Be6 30. Kd3 Rb3+ 31. Kc2 Bxc4 32. Bxc4
Rxf3 33. Rb8 Rxf4 34. Kd3 b5 35. Rxb5 Rf2 36. Rb7 h5 37. Ke3 Rxh2 38. Kf3 Rh3+
39. Kg2 Rh4 40. Bxf7 Kh6 41. Be6 Rf4 1/2-1/2

[Event "14. Bayer Open"]
[Site "Leverkusen"]
[Date "2016.01.11"]
[Round "1.33"]
[White "Diaubalick, Ulrich"]
[Black "Wirtz, Uwe"]
[Result "0-1"]
[WhiteElo "1537"]
[BlackElo "1850"]
[PlyCount "88"]
[EventDate "2016.??.??"]
[WhiteTeam "SF Düsseldorf-Süd"]
[BlackTeam "Königsspringer Leverkusen"]

1. e4 Nf6 2. d3 d5 3. e5 Nfd7 4. Nf3 e6 5. d4 c5 6. c3 Nc6 7. Be2 Be7 8. O-O
O-O 9. Be3 b6 10. Nbd2 Bb7 11. Nb3 a5 12. Nc1 c4 13. a3 b5 14. Nd2 Nb6 15. f4
b4 16. Nb1 b3 17. f5 exf5 18. Rxf5 Bc8 19. Rf1 Na4 20. Qd2 Be6 21. Bf3 Qd7 22.
Ne2 Rad8 23. Nf4 Na7 24. Qf2 f6 25. Nxe6 Qxe6 26. exf6 Bxf6 27. Bc1 Nb5 28. Re1
Qb6 29. Re2 Qd6 30. Qe1 Nc7 31. Nd2 Rfe8 32. Nf1 Rxe2 33. Qxe2 Re8 34. Qd1 Qe7
35. Rb1 Bg5 36. Ng3 Qe1+ 37. Nf1 Qxd1 38. Bxd1 Bxc1 39. Rxc1 Nxb2 40. Bf3 Na4
41. Nd2 Re3 42. Nb1 b2 43. Rf1 Nxc3 44. Kf2 Rd3 0-1

[Event "14. Bayer Open"]
[Site "Leverkusen"]
[Date "2016.01.11"]
[Round "1.34"]
[White "Schimpf, Rolf"]
[Black "Seelig, Jochen"]
[Result "1-0"]
[WhiteElo "1702"]
[BlackElo "1312"]
[PlyCount "145"]
[EventDate "2016.??.??"]
[WhiteTeam "SC Bayer Leverkusen"]
[BlackTeam "SF Schlebusch"]

1. f4 b6 2. Nf3 Bb7 3. e3 e6 4. d4 Nf6 5. Bd3 g6 6. O-O Bg7 7. Qe2 d5 8. c3 O-O
9. Nbd2 Qe7 10. Ne5 c5 11. Rf3 c4 12. Bc2 Nc6 13. Rh3 Nxe5 14. fxe5 Nd7 15. Nf3
f5 16. exf6 Nxf6 17. Bd2 Ne8 18. Rf1 Nd6 19. Be1 Bf6 20. Bg3 Nf5 21. Be5 Bxe5
22. Nxe5 Qg7 23. Kh1 Nd6 24. Rg1 Nf7 25. Ng4 e5 26. Rf1 Ng5 27. Rg3 Rxf1+ 28.
Qxf1 Rf8 29. Qe2 e4 30. Ne5 Qf6 31. Kg1 Bc8 32. h4 Nf7 33. Nxf7 Rxf7 34. h5 g5
35. Bxe4 dxe4 36. Qxc4 Qf2+ 37. Kh2 Qf5 38. Qc6 Bd7 39. Qc7 Be6 40. Qd8+ Rf8
41. Rxg5+ Kh8 42. Rxf5 Rxd8 43. Re5 Bd5 44. Re7 a5 45. g4 Rd6 46. Kg3 Re6 47.
Rxe6 Bxe6 48. Kf4 Bd5 49. Ke5 Bb7 50. c4 Kg7 51. g5 Kf7 52. d5 Ba6 53. b3 b5
54. c5 b4 55. Kxe4 Be2 56. g6+ hxg6 57. hxg6+ Kxg6 58. Ke5 Kf7 59. e4 Ke7 60.
c6 Kd8 61. d6 Bb5 62. Kd5 Bd3 63. e5 Bb1 64. e6 Bxa2 65. e7+ Ke8 66. Kc5 Bxb3
67. Kb6 Be6 68. Kc7 b3 69. d7+ Kxe7 70. d8=Q+ Kf7 71. Qd4 Ke7 72. Qc5+ Kf6 73.
Qxa5 1-0

[Event "14. Bayer Open"]
[Site "Leverkusen"]
[Date "2016.01.11"]
[Round "1.35"]
[White "Hartmann, Stephan"]
[Black "Scharff, Klaus"]
[Result "0-1"]
[WhiteElo "1608"]
[BlackElo "1863"]
[PlyCount "116"]
[EventDate "2016.??.??"]
[WhiteTeam "SG Idstein"]
[BlackTeam "SV Opladen"]

1. c4 Nf6 2. Nc3 g6 3. g3 Bg7 4. Bg2 d6 5. e4 Nbd7 6. d3 O-O 7. Nge2 e5 8. O-O
Ne8 9. f4 f5 10. exf5 gxf5 11. Rb1 Ndf6 12. fxe5 dxe5 13. Bg5 c6 14. Bh3 h6 15.
Bh4 f4 16. Bxc8 Qxc8 17. gxf4 Qg4+ 18. Bg3 Nh5 19. fxe5 Rxf1+ 20. Qxf1 Bxe5 21.
Qg2 Nxg3 22. Nxg3 Ng7 23. Qe4 Qg5 24. Qg2 Rf8 25. Kh1 Kh8 26. Nce4 Qe3 27. Qe2
Qxe2 28. Nxe2 Rf3 29. d4 Re3 30. N4c3 Bc7 31. Kg2 Nf5 32. d5 Nh4+ 33. Kf2 Rh3
34. dxc6 bxc6 35. Rh1 Bxh2 36. Kf1 Kh7 37. a4 Rf3+ 38. Ke1 Ng2+ 39. Kd2 Be5 40.
b4 Ne3 41. Rh4 Bf6 42. Re4 Bg5 43. Rxe3 Bxe3+ 44. Kc2 h5 45. b5 cxb5 46. cxb5
h4 47. Kd3 Bb6+ 48. Ke4 Rf8 49. Nf4 Bc7 50. Ncd5 Bxf4 51. Nxf4 Kh6 52. a5 Re8+
53. Kd5 Kg5 54. Nh3+ Kg4 55. Ng1 Kg3 56. b6 Kg2 57. b7 Kxg1 58. Kc6 h3 0-1

[Event "14. Bayer Open"]
[Site "Leverkusen"]
[Date "2016.01.11"]
[Round "1.37"]
[White "Kinnert, Reinhard"]
[Black "Goßmann, Jochen"]
[Result "0-1"]
[WhiteElo "1495"]
[BlackElo "1841"]
[PlyCount "49"]
[EventDate "2016.??.??"]
[WhiteTeam "TV Witzhelden"]
[BlackTeam "SG Kalker/Deutzer"]

1. c4 Nf6 2. Nc3 g6 3. g3 Bg7 4. Bg2 c5 5. e3 Nc6 6. Nge2 e5 7. O-O O-O 8. f4
d6 9. fxe5 dxe5 10. a3 Bf5 11. Nd5 e4 12. Nec3 Ne5 13. b3 Bg4 14. Qc2 Nxd5 15.
Qxe4 Nxc3 16. dxc3 Rb8 17. Bb2 Bf5 18. Qd5 Qe7 19. Rxf5 gxf5 20. Bh3 Rfd8 21.
Qg2 Nd3 22. Rf1 Qxe3+ 23. Kh1 Nxb2 24. Qxb2 Rd2 25. Qc1 0-1

[Event "14. Bayer Open"]
[Site "Leverkusen"]
[Date "2016.01.11"]
[Round "1.38"]
[White "Vranidis, Georgios"]
[Black "Multhauf, Stefan"]
[Result "1-0"]
[WhiteElo "1835"]
[BlackElo "1610"]
[PlyCount "41"]
[EventDate "2016.??.??"]
[WhiteTeam "SC Solingen 28"]
[BlackTeam "Königsspringer Leverkusen"]

1. e4 e6 2. d4 d5 3. exd5 exd5 4. Bd3 c5 5. Qe2+ Qe7 6. dxc5 Qxe2+ 7. Nxe2 Bxc5
8. Nbc3 Ne7 9. Bg5 f6 10. Bf4 a6 11. O-O Nbc6 12. a3 Ne5 13. Rad1 Nxd3 14. Rxd3
Be6 15. Nd4 Bf7 16. Re1 Bxd4 17. Rxd4 Kd7 18. Na4 Rae8 19. Red1 Nf5 20. R4d2
Re4 21. Nc5+ 1-0

[Event "14. Bayer Open"]
[Site "Leverkusen"]
[Date "2016.01.11"]
[Round "1.39"]
[White "Hoferichter, Michael"]
[Black "Birnkott, Manfred"]
[Result "0-1"]
[WhiteElo "1375"]
[BlackElo "1904"]
[PlyCount "68"]
[EventDate "2016.??.??"]
[WhiteTeam "Klub Kölner SF"]
[BlackTeam "SC Bayer Leverkusen"]

1. e4 c5 2. d4 cxd4 3. c3 Nf6 4. e5 Nd5 5. cxd4 d6 6. Nf3 Nc6 7. Bc4 Nb6 8. Bb5
a6 9. Bxc6+ bxc6 10. O-O d5 11. Re1 e6 12. a3 Be7 13. Qc2 Bd7 14. Nbd2 Rc8 15.
Nb3 Na4 16. Bd2 O-O 17. Ba5 Qe8 18. Nbd2 c5 19. Bc3 cxd4 20. Nxd4 Nxc3 21. bxc3
Rc7 22. Qb3 Ba4 23. Qb2 Qc8 24. Rec1 Rb7 25. N2b3 Qc4 26. Rab1 Rfb8 27. Qd2
Bxb3 28. Nxb3 Rxb3 29. Qe1 Bxa3 30. Rd1 Bc5 31. Ra1 Rb2 32. Rd2 Qxc3 33. Rad1
Rxd2 34. Rxd2 Qxd2 0-1

[Event "14. Bayer Open"]
[Site "Leverkusen"]
[Date "2016.01.11"]
[Round "1.40"]
[White "Vranidis, Athanassios"]
[Black "Longerich, Hans-Peter"]
[Result "1-0"]
[WhiteElo "1838"]
[BlackElo "1458"]
[PlyCount "51"]
[EventDate "2016.??.??"]
[WhiteTeam "SG Solingen"]
[BlackTeam "SC Bayer Leverkusen"]

1. d4 d5 2. c4 c6 3. Nf3 Nf6 4. Nc3 dxc4 5. a4 e6 6. e3 Bb4 7. Bxc4 Nbd7 8. O-O
O-O 9. Qc2 Nb6 10. Bd3 h6 11. Rd1 Qe7 12. e4 Ne8 13. h3 a5 14. Be3 Nd6 15. Qe2
Bd7 16. Ne5 Be8 17. Qg4 f5 18. Qg3 g5 19. exf5 exf5 20. f4 Bxc3 21. bxc3 Qg7
22. c4 Nd7 23. fxg5 Nf6 24. Qh4 hxg5 25. Bxg5 Qh7 26. Bxf6 1-0

[Event "14. Bayer Open"]
[Site "Leverkusen"]
[Date "2016.01.11"]
[Round "1.41"]
[White "Esser, Heinz"]
[Black "Pützkaul, Karl"]
[Result "1/2-1/2"]
[WhiteElo "1360"]
[BlackElo "1695"]
[PlyCount "86"]
[EventDate "2016.??.??"]
[WhiteTeam "SV Dormagen"]
[BlackTeam "SC Bayer Leverkusen"]

1. c4 Nf6 2. g3 g6 3. Bg2 Bg7 4. Nc3 O-O 5. e4 d6 6. Nge2 c5 7. O-O Nc6 8. d3
Ne8 9. Qc2 a6 10. h3 Rb8 11. Kh2 b5 12. cxb5 axb5 13. a3 Nc7 14. f4 Nd4 15.
Nxd4 Bxd4 16. Ne2 Bg7 17. f5 e6 18. fxg6 hxg6 19. Rb1 e5 20. b4 Ne6 21. Be3 Nd4
22. Qd2 Be6 23. Nxd4 exd4 24. Bh6 Qe7 25. bxc5 dxc5 26. Bxg7 Kxg7 27. Rf4 g5
28. Rf2 Rh8 29. e5 Bxh3 30. Bxh3 g4 31. Rf6 Rxh3+ 32. Kg2 Qxe5 33. Rxf7+ Kxf7
34. Qf2+ Ke7 35. Re1 Qxe1 36. Qxe1+ Kd6 37. Qe4 Rhh8 38. Qg6+ Kc7 39. Qxg4 b4
40. Qf4+ Kc6 41. axb4 cxb4 42. Qxd4 b3 43. Qc4+ Kd6 1/2-1/2

[Event "14. Bayer Open"]
[Site "Leverkusen"]
[Date "2016.01.11"]
[Round "1.42"]
[White "Blumenthal, Ralf"]
[Black "Müller, Horst"]
[Result "1/2-1/2"]
[WhiteElo "1813"]
[BlackElo "1487"]
[PlyCount "131"]
[EventDate "2016.??.??"]
[WhiteTeam "SK Turm Euskirchen"]
[BlackTeam "SV Springer Hitdorf"]

1. Nf3 c5 2. e4 Nc6 3. d4 cxd4 4. c3 d5 5. exd5 Qxd5 6. Nxd4 e5 7. Qb3 Qe4+ 8.
Ne2 Bc5 9. Nd2 Qg6 10. Ng3 Nf6 11. Qb5 Bb6 12. Bd3 e4 13. Ndxe4 Nxe4 14. Bxe4
Qe6 15. O-O O-O 16. Bf4 Qf6 17. Nh5 Qe6 18. Rfe1 g6 19. Bf3 Qf5 20. Qxf5 Bxf5
21. Nf6+ Kg7 22. Ng4 Bxg4 23. Bxg4 Rfe8 24. Bd7 Rxe1+ 25. Rxe1 Rd8 26. Bxc6
bxc6 27. Kf1 Rd5 28. c4 Rd8 29. Be5+ f6 30. Bc3 Kf7 31. h3 a6 32. Bb4 Re8 33.
Rxe8 Kxe8 34. Bc3 Ke7 35. b4 Ke6 36. Ke2 f5 37. f4 Bc7 38. Kf3 Bd6 39. a4 Bc7
40. g4 Bd6 41. Ke3 Bc7 42. Bd4 Bd6 43. Bc3 Bc7 44. Bd2 Bd6 45. Kd3 Be7 46.
gxf5+ gxf5 47. b5 cxb5 48. cxb5 axb5 49. axb5 Kd5 50. Be3 Bd6 51. b6 Bb8 52.
Bd2 Bd6 53. b7 Kc6 54. Kd4 Kxb7 55. Kd5 Kc7 56. Ke6 Bc5 57. Ba5+ Kc6 58. Bc3
Be3 59. Be5 Bd2 60. Kxf5 Kd7 61. Bg7 Be3 62. Kg4 Ke6 63. Bh6 Kf7 64. Kf5 Bd4
65. Bg5 Bc3 66. h4 {Rest der Notation unvollständig} 1/2-1/2

[Event "14. Bayer Open"]
[Site "Leverkusen"]
[Date "2016.01.11"]
[Round "1.43"]
[White "Azimi, Reza"]
[Black "Mentzel, Markus"]
[Result "0-1"]
[WhiteElo "1366"]
[BlackElo "1838"]
[PlyCount "100"]
[EventDate "2016.??.??"]
[WhiteTeam "Schachuzipus Köln-Mülheim"]
[BlackTeam "SG Solingen"]

1. e4 c6 2. d4 d5 3. exd5 cxd5 4. c3 Nf6 5. Bg5 Ne4 6. Bh4 Qb6 7. Qc2 Bf5 8.
Bd3 e6 9. f3 Nd6 10. Bxf5 Nxf5 11. Bf2 Nc6 12. Ne2 Rc8 13. Qd2 Be7 14. O-O Qd8
15. Ng3 Nxg3 16. Bxg3 O-O 17. Qe2 Qd7 18. Nd2 Rfe8 19. f4 Bd6 20. Qg4 f5 21.
Qe2 a6 22. Nf3 Nd8 23. Rae1 Nf7 24. Ne5 Bxe5 25. fxe5 Ng5 26. Qh5 Ne4 27. Bf4
Qf7 28. Qh3 Qg6 29. Qf3 Rc7 30. h3 Rf7 31. Kh1 h5 32. Rg1 Qh7 33. h4 Qg6 34. g3
Qg4 35. Qg2 Rc8 36. Rc1 Rfc7 37. Kh2 b5 38. Rgd1 Rc4 39. Rd3 Kf7 40. Rf3 b4 41.
Be3 bxc3 42. bxc3 Rxc3 43. Rf4 Rxc1 44. Bxc1 Qd1 45. Rf1 Qc2 46. a4 Rc3 47. Bf4
Qd3 48. Kh3 Rc2 49. Qg1 Qe2 50. g4 hxg4+ 0-1

[Event "14. Bayer Open"]
[Site "Leverkusen"]
[Date "2016.01.11"]
[Round "1.44"]
[White "Schmuck, Markus"]
[Black "Stenzel, Michael"]
[Result "1/2-1/2"]
[WhiteElo "1931"]
[BlackElo "1550"]
[PlyCount "70"]
[EventDate "2016.??.??"]
[WhiteTeam "vereinlos"]
[BlackTeam "TV Witzhelden"]

1. d4 Nf6 2. c4 c5 3. d5 b5 4. cxb5 a6 5. bxa6 Bxa6 6. Nc3 d6 7. Nf3 g6 8. g3
Bg7 9. Bg2 O-O 10. O-O Nbd7 11. Re1 Qc7 12. Rb1 Rfb8 13. Qc2 Nb6 14. Nd2 Bb7
15. e4 Ba6 16. h3 Nfd7 17. b3 Ne5 18. Bf1 Qc8 19. Kg2 Bxf1+ 20. Nxf1 c4 21. b4
Nd3 22. Re2 Nd7 23. a3 Nxc1 24. Qxc1 Ne5 25. a4 Nd3 26. Qa3 Bd4 27. Ne3 f5 28.
Nc2 Be5 29. f3 Qf8 30. h4 Qg7 31. Nd1 Bxg3 32. Kxg3 Qe5+ 33. Kg2 Nf4+ 34. Kf2
Nd3+ 35. Kg2 Nf4+ 1/2-1/2

[Event "14. Bayer Open"]
[Site "Leverkusen"]
[Date "2016.01.11"]
[Round "1.45"]
[White "Weirich, Ralf"]
[Black "Axmann, Michael"]
[Result "1/2-1/2"]
[WhiteElo "1229"]
[BlackElo "1741"]
[PlyCount "67"]
[EventDate "2016.??.??"]
[WhiteTeam "TV Witzhelden"]
[BlackTeam "SC Bayer Leverkusen"]

1. e4 e6 2. d4 d5 3. e5 c5 4. c3 Nc6 5. Nf3 Qb6 6. Be2 Bd7 7. O-O Nge7 8. Na3
Nf5 9. Nc2 Be7 10. Rb1 O-O 11. a3 Rac8 12. Bg5 Bxg5 13. Nxg5 cxd4 14. cxd4
Nfxd4 15. Bd3 g6 16. Nxd4 Nxd4 17. Kh1 h6 18. Nh3 f5 19. Qd2 Kg7 20. Qe3 Nc6
21. Qg3 Ne7 22. Rfe1 Rf7 23. Nf4 Kh7 24. h4 Rg7 25. f3 Be8 26. Re2 g5 27. hxg5
Rxg5 28. Qh2 Bf7 29. Rg1 Ng6 30. Nh3 Rh5 31. g3 Qd4 32. Rd1 Kg7 33. f4 Qa4 34.
Red2 1/2-1/2

[Event "14. Bayer Open"]
[Site "Leverkusen"]
[Date "2016.01.11"]
[Round "1.46"]
[White "Kuhn, Andreas"]
[Black "Wotzka, Anton"]
[Result "1-0"]
[WhiteElo "1831"]
[BlackElo "1507"]
[PlyCount "45"]
[EventDate "2016.??.??"]
[WhiteTeam "SG Niederkassel"]
[BlackTeam "SF Schlebusch"]

1. Nf3 Nf6 2. c4 e6 3. g3 d5 4. Bg2 c5 5. cxd5 Nxd5 6. O-O Nc6 7. d4 cxd4 8.
Nxd4 Nxd4 9. Qxd4 Be7 10. Qxg7 Bf6 11. Qh6 Bd7 12. Rd1 Qe7 13. e4 Nb6 14. Re1
Bd4 15. Nc3 Qf8 16. Qh5 Bc6 17. Be3 Bxe3 18. Rxe3 Rd8 19. Nd5 Nxd5 20. exd5
Bxd5 21. Rd1 Qc5 22. Rc3 Qb6 23. Bxd5 1-0

[Event "14. Bayer Open"]
[Site "Leverkusen"]
[Date "2016.01.11"]
[Round "1.47"]
[White "Holz, Peter"]
[Black "Alexopoulos, Spiros Orestis"]
[Result "0-1"]
[WhiteElo "1306"]
[BlackElo "1859"]
[PlyCount "86"]
[EventDate "2016.??.??"]
[WhiteTeam "Pulheimer SC"]
[BlackTeam "Aachener SV"]

1. e4 d5 2. exd5 Nf6 3. Nc3 Bg4 4. f3 Bf5 5. Nge2 Nxd5 6. Nxd5 Qxd5 7. d3 e6 8.
Nf4 Qe5+ 9. Qe2 Bb4+ 10. Kd1 Nc6 11. Qxe5 Nxe5 12. c3 Ba5 13. Nh5 O-O 14. Kc2
Rad8 15. Nf4 g5 16. g4 Bxg4 17. fxg4 gxf4 18. Bxf4 Ng6 19. Be3 Bb6 20. Bxb6
axb6 21. Bg2 c6 22. h4 Nf4 23. Be4 f5 24. gxf5 exf5 25. Bf3 Rxd3 26. Rhg1+ Kf7
27. Rgf1 Rfd8 28. Rad1 Rxd1 29. Bxd1 Ng2 30. Bh5+ Kf6 31. Rh1 Ne3+ 32. Kb3 Rd2
33. Bf3 Rf2 34. Rh3 Nf1 35. Bh5 Nd2+ 36. Kb4 Ne4 37. Kb3 Ke5 38. Bf7 f4 39. Bh5
b5 40. Ka3 Nd2 41. Bf7 Nc4+ 42. Bxc4 bxc4 43. Re3+ fxe3 0-1

[Event "14. Bayer Open"]
[Site "Leverkusen"]
[Date "2016.01.11"]
[Round "1.48"]
[White "Schlenter, Rüdiger"]
[Black "Ipekyilmaz, Mert"]
[Result "1-0"]
[WhiteElo "1835"]
[BlackElo "1427"]
[PlyCount "57"]
[EventDate "2016.??.??"]
[WhiteTeam "SV Mülheim-Nord"]
[BlackTeam "Langenfelder SF"]

1. Nf3 Nf6 2. g3 g6 3. b3 Bg7 4. Bb2 O-O 5. Bg2 Nc6 6. O-O d6 7. d4 e6 8. Nbd2
d5 9. Re1 Nd7 10. c4 Nb6 11. e4 dxc4 12. Nxc4 Nxc4 13. bxc4 Re8 14. Qd2 b6 15.
d5 Bxb2 16. Qxb2 exd5 17. exd5 Na5 18. Nd2 Bb7 19. Ne4 Nxc4 20. Nf6+ Kf8 21.
Nxh7+ Kg8 22. Nf6+ Kf8 23. Qd4 Rxe1+ 24. Rxe1 Nd6 25. Ne8 f6 26. Nxf6 Nf5 27.
Qc3 Ne7 28. d6 Nc6 29. Re8+ 1-0

[Event "14. Bayer Open"]
[Site "Leverkusen"]
[Date "2016.01.11"]
[Round "1.49"]
[White "Barche, Uwe"]
[Black "Kamphausen, Johannes-Dieter"]
[Result "0-1"]
[WhiteElo "1274"]
[BlackElo "1729"]
[PlyCount "38"]
[EventDate "2016.??.??"]
[WhiteTeam "SG Solingen"]
[BlackTeam "SV Springer Hitdorf"]

1. d3 d5 2. g3 e5 3. Bg2 Nf6 4. Nf3 Nc6 5. O-O Be7 6. c4 d4 7. e3 O-O 8. a3 Bf5
9. exd4 exd4 10. Qc2 Qd7 11. Re1 Rae8 12. b4 Bd8 13. Rxe8 Rxe8 14. Bb2 Ng4 15.
b5 Nce5 16. Nxe5 Nxe5 17. Be4 Bxe4 18. dxe4 Nf3+ 19. Kh1 Qh3 0-1

[Event "14. Bayer Open"]
[Site "Leverkusen"]
[Date "2016.01.11"]
[Round "1.50"]
[White "Boschek, Hans-Joachim"]
[Black "Johann, Hans Werner"]
[Result "1-0"]
[WhiteElo "1791"]
[BlackElo "1339"]
[PlyCount "79"]
[EventDate "2016.??.??"]
[WhiteTeam "SG Solingen"]
[BlackTeam "TV Witzhelden"]

1. c4 c6 2. Nf3 Nf6 3. g3 e6 4. Bg2 Be7 5. O-O O-O 6. b3 b6 7. Bb2 Bb7 8. Nc3
d6 9. d4 Nbd7 10. e4 Qc7 11. Rc1 Rac8 12. Qe2 e5 13. d5 a6 14. Nh4 g6 15. f4 c5
16. Bh3 Rb8 17. Rf2 Bc8 18. Nf3 exf4 19. gxf4 Nh5 20. Qd2 Bf6 21. e5 Be7 22.
Ne4 Re8 23. Qc3 f6 24. Bxd7 Qxd7 25. e6 Qd8 26. f5 Bf8 27. fxg6 Bg7 28. gxh7+
Kh8 29. Qd2 f5 30. Neg5 Rf8 31. Nf7+ Rxf7 32. exf7 Qf8 33. Ng5 Rb7 34. Re1 Re7
35. Rxe7 Qxe7 36. Re2 Be5 37. Rxe5 dxe5 38. Bxe5+ Nf6 39. Qc3 Kg7 40. f8=Q+ 1-0

[Event "14. Bayer Open"]
[Site "Leverkusen"]
[Date "2016.01.11"]
[Round "1.51"]
[White "Scheunemann, Uwe"]
[Black "Maczkowiak, Thomas"]
[Result "0-1"]
[WhiteElo "1446"]
[BlackElo "1773"]
[PlyCount "84"]
[EventDate "2016.??.??"]
[WhiteTeam "TV Witzhelden"]
[BlackTeam "MS Halver-Schalksmühle"]

1. c4 Nf6 2. g3 g6 3. Bg2 Bg7 4. e3 O-O 5. Ne2 d5 6. cxd5 Nxd5 7. O-O c6 8. d4
e5 9. Nbc3 Nxc3 10. bxc3 Be6 11. h3 Qc7 12. f4 exd4 13. cxd4 Rd8 14. Qc2 Nd7
15. e4 Nb6 16. e5 Rac8 17. Be3 Qd7 18. Kh2 Bd5 19. Nc3 {Weiß bietet Remis an.}
Bxg2 20. Qxg2 Nd5 21. Nxd5 Qxd5 22. Qxd5 Rxd5 23. g4 Rcd8 24. Rac1 Bf8 25. f5
c5 26. Bg5 Re8 27. fxg6 hxg6 28. Bf6 Rxd4 29. Rfd1 Be7 30. Rxd4 cxd4 31. g5
Bxf6 32. exf6 d3 33. Rd1 Re3 34. a4 Kf8 35. Kg2 Ke8 36. Kf2 Rxh3 37. Re1+ Kd8
38. Re7 Rh2+ 39. Ke1 Re2+ 40. Rxe2 dxe2 41. Kxe2 Kd7 42. Ke3 Kc6 0-1

[Event "14. Bayer Open"]
[Site "Leverkusen"]
[Date "2016.01.11"]
[Round "1.52"]
[White "Witte, Volker"]
[Black "Haag, Helmut"]
[Result "1-0"]
[WhiteElo "1685"]
[BlackElo "1394"]
[PlyCount "89"]
[EventDate "2016.??.??"]
[WhiteTeam "SF Schlebusch"]
[BlackTeam "Langenfelder SF"]

1. d4 d5 2. c4 e6 3. cxd5 exd5 4. Nc3 Nf6 5. Bg5 Be7 6. e3 O-O 7. Bd3 c6 8. Qc2
h6 9. Bh4 Be6 10. Nge2 Nbd7 11. Nf4 Ng4 12. Nxe6 fxe6 13. Bxe7 Qxe7 14. Nd1 c5
15. dxc5 Qxc5 16. Qxc5 Nxc5 17. Be2 Ne5 18. b3 Rac8 19. f4 Ned3+ 20. Kd2 Nb4
21. Nc3 Ne4+ 22. Nxe4 dxe4 23. Bc4 Rfd8+ 24. Ke2 Nd5 25. Rac1 Kf7 26. Rhd1 Ke7
27. Bxd5 Rxc1 28. Rxc1 exd5 29. b4 Kd6 30. Kd2 Rd7 31. g4 Rc7 32. Rc3 b6 33. h4
a5 34. Rxc7 Kxc7 35. bxa5 bxa5 36. Kc3 Kd6 37. Kd4 g6 38. a4 Ke6 39. h5 gxh5
40. gxh5 Kf5 41. Kxd5 Kg4 42. Kxe4 Kxh5 43. Kf3 Kg6 44. e4 h5 45. Kg3 1-0

[Event "14. Bayer Open"]
[Site "Leverkusen"]
[Date "2016.01.11"]
[Round "1.53"]
[White "Klees, Robert"]
[Black "Bießner, Eberhard"]
[Result "1/2-1/2"]
[WhiteElo "1349"]
[BlackElo "1719"]
[PlyCount "45"]
[EventDate "2016.??.??"]
[WhiteTeam "SF Düsseldorf-Süd"]
[BlackTeam "Rheydter SV"]

1. d4 Nf6 2. c4 e6 3. Nf3 Ne4 4. Qc2 f5 5. a3 b6 6. Bf4 c5 7. e3 Bb7 8. Be2 d6
9. Nbd2 Be7 10. O-O g5 11. Bg3 h5 12. Nxe4 Bxe4 13. Qa4+ Bc6 14. Qd1 h4 15. d5
Bd7 16. dxe6 Bxe6 17. Nxg5 hxg3 18. Nxe6 gxh2+ 19. Kh1 Qc8 20. Bh5+ Kd7 21. Ng7
Qf8 22. Nxf5 Nc6 23. Bg4 1/2-1/2

[Event "14. Bayer Open"]
[Site "Leverkusen"]
[Date "2016.01.11"]
[Round "1.54"]
[White "Pyrowicz, Jacek"]
[Black "Roder, Stephan"]
[Result "1-0"]
[WhiteElo "1827"]
[BlackElo "1360"]
[PlyCount "117"]
[EventDate "2016.??.??"]
[WhiteTeam "SV Wermelskirchen"]
[BlackTeam "Bergische SF"]

1. d4 g6 2. Nf3 Bg7 3. c4 d6 4. Nc3 Nf6 5. g3 Nbd7 6. Bg2 O-O 7. O-O c6 8. e4
Qc7 9. Be3 a6 10. Rc1 Nb6 11. b3 Nbd7 12. Ne1 e5 13. f4 exd4 14. Bxd4 Nc5 15.
h3 Nh5 16. Bxg7 Nxg7 17. Nd3 Nxd3 18. Qxd3 Be6 19. Rfe1 Rad8 20. Qe3 Qa5 21.
Red1 f5 22. e5 dxe5 23. fxe5 f4 24. gxf4 Nf5 25. Qf2 Rxd1+ 26. Nxd1 Rd8 27. Nc3
Rd3 28. Ne4 Re3 29. Rd1 h6 30. Qd2 Qxd2 31. Rxd2 Nh4 32. Nf6+ Kf7 33. Ng4 Re1+
34. Kf2 Nxg2 35. Kxg2 h5 36. Nf2 Ke7 37. h4 Re3 38. Rb2 Bf5 39. Rd2 Be6 40. Nd3
Bf5 41. Nc5 Bc8 42. Rd6 Re2+ 43. Kf1 Rxa2 44. Rxg6 Bh3+ 45. Kg1 b6 46. Nb7 Rb2
47. Rg3 Bg4 48. Re3 Rb1+ 49. Kg2 Rb2+ 50. Kg3 Rb1 51. Nd6 Rg1+ 52. Kf2 Rh1 53.
f5 Rh2+ 54. Kg1 Rd2 55. f6+ Kf8 56. Ne4 Rd1+ 57. Kg2 Be6 58. Ng5 Rd2+ 59. Kg3
1-0

[Event "14. Bayer Open"]
[Site "Leverkusen"]
[Date "2016.01.11"]
[Round "1.55"]
[White "Lehmann, Thomas"]
[Black "Weber, Olaf"]
[Result "0-1"]
[WhiteElo "1331"]
[BlackElo "1863"]
[PlyCount "50"]
[EventDate "2016.??.??"]
[WhiteTeam "SV Sindorf"]
[BlackTeam "SF Lohmar"]

1. d4 Nf6 2. c4 g6 3. Nc3 Bg7 4. Nf3 O-O 5. e4 d6 6. Be2 e5 7. dxe5 dxe5 8.
Qxd8 Rxd8 9. Bg5 Nbd7 10. Nd5 c6 11. Nc3 h6 12. Bh4 Re8 13. O-O Nc5 14. Bxf6
Bxf6 15. b4 Ne6 16. Rad1 Nd4 17. Rde1 Bd7 18. Bd1 Be6 19. Nd2 Bg5 20. Ncb1 a5
21. bxa5 Rxa5 22. Bb3 Rd8 23. Rd1 Bg4 24. f3 Be6 25. Nc3 Bxd2 0-1

[Event "14. Bayer Open"]
[Site "Leverkusen"]
[Date "2016.01.11"]
[Round "1.56"]
[White "Liebsch, Felix"]
[Black "Pfister, Jürgen"]
[Result "1-0"]
[WhiteElo "1758"]
[BlackElo "1240"]
[PlyCount "129"]
[EventDate "2016.??.??"]
[WhiteTeam "SC Bayer Leverkusen"]
[BlackTeam "SF Düsseldorf-Süd"]

1. e4 c5 2. Nf3 Nc6 3. Bb5 a6 4. Bxc6 bxc6 5. O-O e6 6. c4 d6 7. Nc3 e5 8. d3
Be7 9. Ne1 Nf6 10. f4 exf4 11. Bxf4 Bg4 12. Qa4 Qd7 13. Nf3 O-O 14. Rae1 Nh5
15. Be3 Qc7 16. d4 Bxf3 17. Rxf3 cxd4 18. Bxd4 c5 19. Bf2 Nf6 20. Bg3 Nh5 21.
Nd5 Qb7 22. Bf2 Nf6 23. Nxe7+ Qxe7 24. Bh4 Qe5 25. Bxf6 gxf6 26. Qc2 Rab8 27.
b3 Rfe8 28. Qd2 Re6 29. Rf5 Qd4+ 30. Qxd4 cxd4 31. Rd5 d3 32. Rxd3 f5 33. Kf2
fxe4 34. Rd4 Rbe8 35. Ke3 Kg7 36. Red1 f5 37. Rxd6 Kf6 38. Rxe6+ Rxe6 39. Rd7
h5 40. a3 Kg5 41. g3 Rg6 42. b4 Kg4 43. c5 h4 44. Rd6 Rg8 45. gxh4 Re8 46. Rf6
Rd8 47. Rd6 Re8 48. Rg6+ Kxh4 49. c6 Kh5 50. Rg7 Kh6 51. Rd7 Kg5 52. c7 Rc8 53.
a4 Kf6 54. b5 axb5 55. axb5 Ke5 56. b6 f4+ 57. Ke2 Rh8 58. Rd8 Rxh2+ 59. Kf1 f3
60. c8=Q Rh1+ 61. Kf2 Rh2+ 62. Kg3 Rg2+ 63. Kh4 Kf4 64. Qc1+ Ke5 65. b7 1-0